Estatísticas para Os 15 principais países afetados pela Covid-19 - 30 de março 2022

Clique aqui para jogar o quiz

Estatísticas Gerais

  • Esse quiz foi jogado 19 vezes
  • A pontuação média é 14 de 29

Estatísticas das Respostas

país% Correto
Estados Unidos
100%
Brasil
94%
França
94%
Itália
94%
Rússia
94%
Índia
89%
Argentina
78%
Espanha
78%
Reino Unido
78%
Alemanha
72%
Portugal
67%
Irão
50%
Turquia
50%
Coreia do Sul
44%
Países Baixos
39%
Países Baixos
39%
Suíça
39%
Dinamarca
33%
Áustria
28%
Israel
28%
Bélgica
22%
Chéquia
22%
Eslovénia
17%
Chipre
11%
Estônia
11%
Letónia
11%
Lituânia
11%
Vietname
11%
Geórgia
6%

Distribuição das Pontuações

Percentil de Números Respondidos

Porcentagem de Pessoas com Cada Pontuação

Sua Pontuação Histórica

Você não jogou esse quiz